000 00500nam a2200181Ia 4500
008 240925s9999 xx 000 0 und d
020 _a471255475
082 _a005.756 KIM
100 _aKimball, Ralph
245 4 _aThe Data Warehouse Lifecycle Toolkit
250 _aNA
260 _aNew York:
_bJohn Wiley & Sons
_c,1998.
300 _axx,772p.
_bNA
_fPirated
500 _aIncludes Index
600 _aComputer Science
650 _aComputer science, information & general works
942 _cBK
999 _c8061
_d8061